00303nam a2200121Ia 4500008004100000041000800041082000800049100002200057245004900079260003200128300000800160520001300168221007s9999 xx 000 0 und d aeng bJAI aJain G ( 2k51079) aStudy of Recruitment Pattern and HR Policies c2007bPune UniversityaPune a64p aSagade M